Food, Glorious Food! Quiz Stats

 Plays Quiz Updated Jun 29, 2021

Support Sporcle.
Go Orange.
Score 0/12 Timer 04:00
0 Plays Today
% Correct
mustard
72.9%
custard
71.9%
hot sausage
64.6%
cold jelly
51.1%
a great big steak
36.8%
gruel
36.8%
pease pudding
23.9%
saveloys
23.7%
crumb
16.5%
crust
15.1%
cream
12.6%
peaches
10.1%

From the Vault

Math Typing Challenge

by markdubs

Science 60s
If your idea of a perfect math quiz is one with no math involved, this is the quiz for you.
Remove Ads.
Support Sporcle.
Get the best of Sporcle when you Go Orange. This ad-free experience offers more features, more stats, and more fun while also helping to support Sporcle. Thank you for becoming a member.

Show Comments

Extras

Top Quizzes Today


Score Distribution

Your Account Isn't Verified!

In order to create a playlist on Sporcle, you need to verify the email address you used during registration. Go to your Sporcle Settings to finish the process.

Report this User

Report this user for behavior that violates our Community Guidelines.

Details: